000 00678nam a2200265Ia 4500
005 20260121165840.0
008 008 260114s9999 xx 000 0 eng d
020 _a9788132227946
037 _aEBOOK
040 _aCRL
040 _beng
040 _cCRL
041 _2eng
041 _aeng
084 _qCRL
100 _aRamjee Pallela, Hermann Ehrlich
_91056791
245 0 _aMarine Sponges: Chemicobiological and Biomedical Applications
260 _bSpringer
260 _bSpringer
260 _c2016
856 _uhttps://link.springer.com/openurl?genre=book&isbn=978-81-322-2794-6
942 _cEBOOK
999 _c1622519
_d1622519